Personajes de animé - Estadísticas

Estadísticas generales
  • Esta prueba ha sido intentada 799 veces
  • La puntuación promedio es 17 de 24
Estadísticas de respuestas
Imagen Respuesta % Correcto
Goku
97%
Luffy
97%
Eren
92%
L
92%
Ash
91%
Levi
91%
Mikasa
90%
Zoro
90%
Tanjiro
87%
Light
86%
Gojo
83%
Itadori
74%
Izuku
70%
Anya
69%
Ed
62%
Denji
60%
Guts
60%
Shinji
56%
Loid
52%
Asuka
50%
Rei
44%
Spike
34%
Johan
30%
Tenma
24%
No se encontraron pruebas coincidentes
Distribución de puntuación
Porcentaje de gente con cada puntuación
Porcentaje por número respondido
Historial de tus puntuaciones
No has intentado esta prueba.